[Event "IRI-ch 18th"]
[Site "Tehran"]
[Date "2008.02.23"]
[Round "10"]
[White "Mohammadi, HR."]
[Black "Ghaem Maghami, Ehsan"]
[Result "0-1"]
[WhiteElo "2308"]
[BlackElo "2589"]
[PlyCount "57"]
[EventDate "2008.02.16"]
[EventType "tourn"]
[EventRounds "13"]
[EventCountry "IRI"]
[EventCategory "2"]
[SourceTitle "CBM 123 Extra"]
[Source "ChessBase"]
[SourceDate "2008.05.06"]
[SourceVersion "1"]
[SourceVersionDate "2008.05.06"]
[SourceQuality "1"]

1. e4 c5 2. Nc3 a6 3. Nf3 d6 4. d4 cxd4 5. Nxd4 Nf6 6. Bc4 e6 7. Bb3 b5 8. Bg5 Be7 9. Qf3 Qb6 10. 0-0 Nbd7 11. Rad1 0-0 12. Qg3 Kh8 13. Kh1 Bb7 14. f3 Rac8 15. Be3 Qa5 16. Nce2 Nc5 17. Qh3 Qc7 18. Qg3 Rg8 19. Rd2 g5 20. h3 h5 21. Nc3 Rg7 22. Ncxb5 axb5 23. Nxb5 Nfxe4 24. fxe4 Nxe4 25. Qe1 Qa5 26. Nd4 Nxd2 27. Bxd2 Qe5 28. Bc3 Qxe1 29. Rxe1 0-1

[Event "IRI-ch 18th"]
[Site "Tehran"]
[Date "2008.02.22"]
[Round "8"]
[White "Golizadeh, Asghar"]
[Black "Mohammadi, HR."]
[Result "1-0"]
[WhiteElo "2296"]
[BlackElo "2308"]
[PlyCount "157"]
[EventDate "2008.02.16"]
[EventType "tourn"]
[EventRounds "13"]
[EventCountry "IRI"]
[EventCategory "2"]
[SourceTitle "CBM 123 Extra"]
[Source "ChessBase"]
[SourceDate "2008.05.06"]
[SourceVersion "1"]
[SourceVersionDate "2008.05.06"]
[SourceQuality "1"]

1. e4 c5 2. Nf3 d6 3. d4 cxd4 4. Nxd4 Nf6 5. Nc3 e6 6. f4 a6 7. Qf3 Qb6 8. Nb3 Qc7 9. Be3 b5 10. Bd3 Bb7 11. 0-0 b4 12. Ne2 Nbd7 13. c4 h5 14. h3 h4 15. Bf2 Be7 16. Ned4 Nc5 17. Nxc5 dxc5 18. Nb3 a5 19. Qe3 Rc8 20. Nd2 Rd8 21. Nf3 Rxd3 22. Qxd3 Qxf4 23. e5 Ne4 24. a3 Ng5 25. Be3 Nxh3+ 26. Kh1 Qg3 27. Qd2 Ng5 28. Bxg5 h3 29. Kg1 hxg2 30. Qxg2 Qxg2+ 31. Kxg2 Bxg5 32. axb4 axb4 33. Ra7 Be4 34. Kg3 Be7 35. Re1 Bxf3 36. Kxf3 Bd8 37. Rd1 0-0 38. Rdd7 Bg5 39. Rdc7 Bh6 40. Rxc5 f6 41. exf6 Rxf6+ 42. Ke2 Rg6 43. Kf3 Rf6+ 44. Kg2 Rg6+ 45. Kf1 Rg3 46. Re5 Rg4 47. Rc7 Rf4+ 48. Ke1 Rh4 49. Re2 Rh1+ 50. Kf2 Rb1 51. Rxe6 Bg5 52. Re2 Bf6 53. Ke3 b3 54. Kd3 Rd1+ 55. Rd2 Rg1 56. c5 Bg5 57. Re2 Rc1 58. c6 Bf6 59. Ke4 Rc2 60. Re3 Bxb2 61. Rxb3 Bf6 62. Kd5 Rd2+ 63. Kc5 Kh7 64. Rd7 Rc2+ 65. Kb5 Kg6 66. c7 Be5 67. Kb6 Bxc7+ 68. Rxc7 Rxc7 69. Kxc7 Kf5 70. Kd6 g5 71. Kd5 Kf4 72. Kd4 g4 73. Kd3 Kf3 74. Rb8 g3 75. Rf8+ Kg2 76. Ke2 Kh1 77. Rh8+ Kg1 78. Kf3 g2 79. Rg8 1-0

[Event "IRI-ch 18th"]
[Site "Tehran"]
[Date "2008.02.19"]
[Round "5"]
[White "Mohammadi, HR."]
[Black "Sharbaf, Mohsen"]
[Result "0-1"]
[WhiteElo "2308"]
[BlackElo "2407"]
[PlyCount "56"]
[EventDate "2008.02.16"]
[EventType "tourn"]
[EventRounds "13"]
[EventCountry "IRI"]
[EventCategory "2"]
[SourceTitle "CBM 123 Extra"]
[Source "ChessBase"]
[SourceDate "2008.05.06"]
[SourceVersion "1"]
[SourceVersionDate "2008.05.06"]
[SourceQuality "1"]

1. e4 c5 2. Nc3 e6 3. Nf3 Nc6 4. Bb5 Qb6 5. 0-0 Nge7 6. Re1 a6 7. Bxc6 Nxc6 8. d3 Be7 9. Nd5 exd5 10. exd5 Nd4 11. Nxd4 cxd4 12. Bg5 f6 13. Qh5+ Kd8 14. Qf7 fxg5 15. Qxe7+ Kc7 16. Re6 Qxb2 17. Qd6+ Kd8 18. Rae1 a5 19. Re7 Ra6 20. Qe5 Qb6 21. Qxg5 Qf6 22. Qg3 g6 23. R7e4 Rf8 24. f3 Rd6 25. Re5 Rb6 26. Qg4 d6 27. Re6 Bxe6 28. dxe6 Ke7 0-1

[Event "IRI-ch 18th"]
[Site "Tehran"]
[Date "2008.02.18"]
[Round "3"]
[White "Mohammadi, HR."]
[Black "Ahmadinia, Ebrahim"]
[Result "1/2-1/2"]
[WhiteElo "2308"]
[BlackElo "2227"]
[PlyCount "120"]
[EventDate "2008.02.16"]
[EventType "tourn"]
[EventRounds "13"]
[EventCountry "IRI"]
[EventCategory "2"]
[SourceTitle "CBM 123 Extra"]
[Source "ChessBase"]
[SourceDate "2008.05.06"]
[SourceVersion "1"]
[SourceVersionDate "2008.05.06"]
[SourceQuality "1"]

1. e4 d5 2. exd5 Nf6 3. d4 Bg4 4. Nf3 Qxd5 5. Be2 e6 6. c4 Qd8 7. h3 Bh5 8. Qb3 Qc8 9. Be3 Be7 10. Nc3 0-0 11. 0-0 Nbd7 12. Rfd1 a6 13. a4 Rb8 14. Rac1 Re8 15. c5 c6 16. Bf4 Ra8 17. Qc4 Nd5 18. Nxd5 exd5 19. Qc2 Bd8 20. b4 Bc7 21. Be3 Bg6 22. Bd3 Be4 23. Nd2 Nf6 24. Nxe4 dxe4 25. Bc4 Qd7 26. Qb3 Nd5 27. b5 axb5 28. axb5 f5 29. Bxd5+ cxd5 30. g3 f4 31. Bxf4 Bxf4 32. gxf4 Re6 33. Rc3 Kh8 34. Rg3 Rf8 35. Rg5 e3 36. fxe3 Rh6 37. Qxd5 Qxh3 38. Re1 Qh2+ 39. Kf1 Qb2 40. Qxb7 Rg8 41. Qg2 Qxb5+ 42. Kg1 Qb4 43. Rf1 Qc3 44. Rg3 Re6 45. Qf2 Rge8 46. e4 Qc4 47. e5 Rd8 48. Rd1 Qa4 49. Rd2 Rh6 50. Kg2 Qa1 51. Rh3 Rg6+ 52. Kh2 Rf8 53. Rh4 Qc1 54. Rc2 Qd1 55. Rd2 Qc1 56. d5 Ra8 57. Rc2 Qd1 58. Rd2 Qc1 59. Rb2 Rg1 60. Qxg1 Qxb2+ 1/2-1/2

[Event "Fajr op 14th"]
[Site "Tehran"]
[Date "2006.01.28"]
[Round "6"]
[White "Mirzaei, Hossein"]
[Black "Mohammadi, HR."]
[Result "0-1"]
[WhiteElo "2193"]
[BlackElo "2259"]
[PlyCount "84"]
[EventDate "2006.01.24"]
[EventType "swiss"]
[EventRounds "9"]
[EventCountry "IRI"]
[SourceTitle "CBM 110 Extra"]
[Source "ChessBase"]
[SourceDate "2006.03.10"]
[SourceVersion "2"]
[SourceVersionDate "2006.03.10"]
[SourceQuality "1"]

1. c4 c5 2. Nf3 Nc6 3. Nc3 g6 4. g3 Bg7 5. Bg2 e5 6. 0-0 Nge7 7. a3 a5 8. b3 d6 9. Bb2 0-0 10. e3 f5 11. d3 h6 12. Qd2 Be6 13. Rac1 b6 14. Nb5 d5 15. d4 cxd4 16. exd4 e4 17. Ne5 Rc8 18. Nxc6 Nxc6 19. c5 bxc5 20. Rxc5 Qb6 21. Rfc1 Rfd8 22. Qc3 Bf8 23. Bf1 Ne5 24. Be2 Ng4 25. Bxg4 fxg4 26. a4 Bf5 27. Rc6 Rxc6 28. Qxc6 Qb8 29. Bc3 Rd7 30. Bxa5 e3 31. fxe3 Qe8 32. Be1 Qxe3+ 33. Bf2 Qf3 34. Qc3 Bd3 35. Qd2 Be4 36. Kf1 Rf7 37. Rc3 Qh1+ 38. Ke2 Bf3+ 39. Rxf3 Qxf3+ 40. Kf1 Bb4 41. Qc2 Qh1+ 42. Ke2 Rxf2+ 0-1

[Event "Lahijan op 4th"]
[Site "Lahijan"]
[Date "2005.08.30"]
[Round "6"]
[White "Mohammadi, HR."]
[Black "Agaragimov, Djahangir"]
[Result "1/2-1/2"]
[WhiteElo "2328"]
[BlackElo "2187"]
[PlyCount "75"]
[EventDate "2005.08.24"]
[EventType "swiss"]
[EventRounds "10"]
[EventCountry "IRI"]
[SourceTitle "CBM 108 Extra"]
[Source "ChessBase"]
[SourceDate "2005.11.04"]
[SourceVersion "1"]
[SourceVersionDate "2005.11.04"]
[SourceQuality "1"]

1. e4 c5 2. Nf3 g6 3. Nc3 Bg7 4. Bc4 Nc6 5. 0-0 e6 6. d4 Nxd4 7. Nxd4 cxd4 8. Nb5 Qb6 9. c3 a6 10. Nxd4 Ne7 11. Bb3 0-0 12. Bg5 Qc5 13. Qd2 b6 14. Ba4 Re8 15. Rad1 b5 16. Bb3 Bb7 17. Rfe1 Nc8 18. Nf3 Bc6 19. Be3 Qf8 20. Bd4 Ne7 21. Bxg7 Qxg7 22. Qd6 Nc8 23. Qc5 Qf8 24. Qd4 f6 25. Qd3 Qc5 26. Nd4 Bb7 27. Qg3 Kh8 28. Qh4 Qe7 29. Rd3 Nb6 30. Nf3 Rac8 31. Qg3 Nc4 32. Bxc4 Rxc4 33. Rd4 e5 34. Rxc4 bxc4 35. Nd2 d5 36. exd5 Bxd5 37. f4 Qc5+ 38. Qf2 1/2-1/2

[Event "IRI-ch"]
[Site "Mashad"]
[Date "2003.09.30"]
[Round "9"]
[White "Mohammadi, HR."]
[Black "Ghane Gardeh, Shojaat"]
[Result "0-1"]
[WhiteElo "2267"]
[BlackElo "2374"]
[PlyCount "96"]
[EventDate "2003.09.24"]
[EventType "swiss"]
[EventRounds "11"]
[EventCountry "IRI"]
[SourceTitle "CBM 096 Extra"]
[Source "ChessBase"]
[SourceDate "2003.10.22"]
[SourceVersion "2"]
[SourceVersionDate "2003.10.20"]
[SourceQuality "1"]

1. e4 e6 2. d4 d5 3. Nd2 Nf6 4. e5 Nfd7 5. Bd3 c5 6. c3 Nc6 7. Ndf3 cxd4 8. cxd4 f6 9. exf6 Nxf6 10. Nh3 Bd6 11. 0-0 Qc7 12. Re1 0-0 13. Nhg5 h6 14. Nxe6 Bxe6 15. Rxe6 Ng4 16. Be3 Bxh2+ 17. Kh1 Bf4 18. Qe2 Bxe3 19. fxe3 Qd7 20. Rg6 Ne7 21. Bb5 Qc8 22. Nh4 Nxg6 23. Nxg6 Qe6 24. Nxf8 Qf5 25. Kg1 Rxf8 26. Rf1 Qxf1+ 27. Qxf1 Rxf1+ 28. Kxf1 Nxe3+ 29. Kf2 Nc2 30. Ba4 Nxd4 31. Ke3 Ne6 32. Bb3 Nc7 33. Kd4 Kf7 34. Ke5 Ke7 35. Bd1 Kd7 36. Bg4+ Kc6 37. Kf5 Kd6 38. Kg6 Ke5 39. g3 Ne6 40. Kf7 Ng5+ 41. Kxg7 Ne4 42. Kxh6 Nxg3 43. Bc8 Nf5+ 44. Kg5 Nd6 45. Bd7 Ne4+ 46. Kg6 d4 47. Bb5 Nf2 48. Kf7 Kd6 0-1

[Event "IRI-ch"]
[Site "Mashad"]
[Date "2003.09.28"]
[Round "7"]
[White "Mohammadi, HR."]
[Black "Akbarinia, Sayed Arash"]
[Result "1-0"]
[WhiteElo "2267"]
[BlackElo "2278"]
[PlyCount "75"]
[EventDate "2003.09.24"]
[EventType "swiss"]
[EventRounds "11"]
[EventCountry "IRI"]
[SourceTitle "CBM 096 Extra"]
[Source "ChessBase"]
[SourceDate "2003.10.22"]
[SourceVersion "2"]
[SourceVersionDate "2003.10.20"]
[SourceQuality "1"]

1. e4 c6 2. d4 d5 3. exd5 cxd5 4. Bd3 Nc6 5. c3 Nf6 6. Bf4 Bg4 7. Qb3 Qd7 8. Nd2 Bh5 9. Ngf3 Bg6 10. Be2 e6 11. Ne5 Qc8 12. h4 Be7 13. g4 h6 14. Nxg6 fxg6 15. Qc2 Kf7 16. h5 g5 17. Be5 Qd8 18. Rh3 Bd6 19. Re3 Kg8 20. Qg6 Bxe5 21. dxe5 Ne7 22. Qd3 Nd7 23. Nf3 Nc6 24. 0-0-0 Qc7 25. Qg6 Nf8 26. Qc2 Rc8 27. Kb1 a6 28. Nd4 Nxe5 29. Nxe6 Nxe6 30. Rxd5 Nd7 31. Rxe6 Nf8 32. Re4 Rh7 33. Rc4 Qb8 34. Rxc8 Qxc8 35. Qd3 Qe6 36. Rd8 Qf6 37. Qd5+ Kh8 38. Bc4 1-0

[Event "Asia-ch 4th"]
[Site "Doha"]
[Date "2003.02.23"]
[Round "2"]
[White "Mohammadi, HR."]
[Black "Neelotpal, Das"]
[Result "0-1"]
[WhiteElo "2250"]
[BlackElo "2406"]
[PlyCount "78"]
[EventDate "2003.02.22"]
[EventType "swiss"]
[EventRounds "9"]
[EventCountry "QAT"]
[SourceTitle "CBM 094"]
[Source "ChessBase"]
[SourceDate "2003.05.26"]
[SourceVersion "1"]
[SourceVersionDate "2003.05.26"]
[SourceQuality "1"]

1. e4 c5 2. Nf3 d6 3. Bc4 Nf6 4. d3 Nc6 5. c3 e6 6. Bb3 Be7 7. 0-0 b5 8. Re1 Bb7 9. d4 0-0 10. Nbd2 cxd4 11. cxd4 a5 12. a3 Rc8 13. Bc2 a4 14. Nb1 d5 15. e5 Ne4 16. Nbd2 Nxd2 17. Bxd2 Na5 18. Qb1 h6 19. Qd1 Re8 20. Bc1 Bf8 21. Qd3 g6 22. h4 Qc7 23. Re2 Qc4 24. Bf4 Ba6 25. Qe3 b4 26. Rd2 bxa3 27. bxa3 Qc6 28. Bxh6 Nc4 29. Qg5 Be7 30. Qg4 Nxd2 31. Bxg6 Nxf3+ 32. gxf3 Kh8 33. h5 Rg8 34. Bg5 fxg6 35. Kh2 Qe8 36. Qh4 Bxg5 37. Qxg5 Qf7 38. Rg1 Rgf8 39. hxg6 Qf4+ 0-1

[Event "Asia-ch 4th"]
[Site "Doha"]
[Date "2003.02.22"]
[Round "1"]
[White "Kostenko, Petr"]
[Black "Mohammadi, HR."]
[Result "1-0"]
[WhiteElo "2497"]
[BlackElo "2250"]
[PlyCount "95"]
[EventDate "2003.02.22"]
[EventType "swiss"]
[EventRounds "9"]
[EventCountry "QAT"]
[SourceTitle "CBM 094"]
[Source "ChessBase"]
[SourceDate "2003.05.26"]
[SourceVersion "1"]
[SourceVersionDate "2003.05.26"]
[SourceQuality "1"]

1. e4 c5 2. Nf3 d6 3. d4 cxd4 4. Nxd4 Nf6 5. Nc3 a6 6. Be2 e5 7. Nb3 Be7 8. Be3 Be6 9. 0-0 0-0 10. Qd2 Nbd7 11. a4 Qc7 12. a5 Qc6 13. Bf3 Rfc8 14. Rfc1 b5 15. axb6 Nxb6 16. Na5 Qc7 17. Nd5 Bxd5 18. exd5 e4 19. Bxb6 Qxb6 20. Be2 e3 21. Qxe3 Nxd5 22. Qxb6 Nxb6 23. c3 d5 24. Kf1 Bf6 25. Rd1 Kf8 26. Ra3 Rcb8 27. g3 Nc8 28. Ra2 Ne7 29. Bf3 Rd8 30. Nb7 Rdb8 31. Nc5 Rd8 32. Rxa6 Rab8 33. Nd3 Rb3 34. Rda1 Rbb8 35. R1a5 h6 36. Ke1 Rbc8 37. Bg4 Rb8 38. Kd1 Ng6 39. f4 Ne7 40. Kc2 Kg8 41. h4 h5 42. Bh3 Kf8 43. Nc5 Kg8 44. Nd7 Rb7 45. Ra8 Rxa8 46. Rxa8+ Kh7 47. Rd8 Kg6 48. Rh8 1-0

[Event "IRI-ch13"]
[Site "Tehran"]
[Date "2002.07.31"]
[Round "6"]
[White "Abbasifar, Hasan"]
[Black "Mohammadi, HR."]
[Result "1-0"]
[WhiteElo "2282"]
[BlackElo "2272"]
[PlyCount "81"]
[EventDate "2002.07.28"]
[EventType "swiss"]
[EventRounds "9"]
[EventCountry "IRI"]
[SourceTitle "CBM 089 Extra"]
[Source "ChessBase"]
[SourceDate "2002.09.10"]
[SourceVersion "2"]
[SourceVersionDate "2002.09.10"]
[SourceQuality "1"]

1. d4 Nf6 2. f3 d5 3. e4 e6 4. e5 Nfd7 5. f4 c5 6. c3 Qb6 7. Nf3 Nc6 8. Na3 Be7 9. Nc2 0-0 10. Bd3 f6 11. exf6 Nxf6 12. 0-0 Bd6 13. dxc5 Bxc5+ 14. Kh1 Bd6 15. Qe1 Qc7 16. Qh4 Ne7 17. g4 g6 18. Ncd4 Nc6 19. Nb5 Qe7 20. Bd2 Ne4 21. Bxe4 dxe4 22. Nxd6 Qxd6 23. Ng5 Qe7 24. Rae1 Nd8 25. Rxe4 b6 26. Kg1 Bb7 27. Re5 Rc8 28. Be3 Rc7 29. Bd4 Qd7 30. f5 Qc6 31. Rf3 exf5 32. gxf5 Rg7 33. Ree3 Rd7 34. f6 h5 35. Re7 Nf7 36. Qg3 Nh6 37. f7+ Nxf7 38. Re6 Rd6 39. Re7 Rd7 40. Ne6 Qe4 41. Rxd7 1-0

[Event "IRI-ch13"]
[Site "Tehran"]
[Date "2002.07.30"]
[Round "5"]
[White "Mohammadi, HR."]
[Black "Mohajerin Esfahani, Peyman"]
[Result "0-1"]
[WhiteElo "2272"]
[BlackElo "2291"]
[PlyCount "62"]
[EventDate "2002.07.28"]
[EventType "swiss"]
[EventRounds "9"]
[EventCountry "IRI"]
[SourceTitle "CBM 089 Extra"]
[Source "ChessBase"]
[SourceDate "2002.09.10"]
[SourceVersion "2"]
[SourceVersionDate "2002.09.10"]
[SourceQuality "1"]

1. e4 e6 2. d4 d5 3. Nd2 c5 4. exd5 exd5 5. Ngf3 Nc6 6. Bb5 Bd6 7. dxc5 Bxc5 8. 0-0 Nge7 9. Nb3 Bb6 10. Re1 0-0 11. Be3 Bc7 12. Nbd4 Bg4 13. Be2 Re8 14. Ng5 Bxe2 15. Qxe2 Ng6 16. Qh5 h6 17. Nxf7 Kxf7 18. Qf5+ Qf6 19. Qxd5+ Kf8 20. Nxc6 bxc6 21. Bc5+ Ne7 22. Qd7 Bb6 23. Re6 Qf7 24. Re3 Red8 25. Qxc6 Rdc8 26. Bxe7+ Kg8 27. Qxc8+ Rxc8 28. Re2 Bxf2+ 29. Rxf2 Qxe7 30. Rd1 Qe3 31. Kf1 Qe5 0-1